| 000 | 00359nam a2200133Ia 4500 | ||
|---|---|---|---|
| 008 | 240624s9999 xx 000 0 und d | ||
| 041 | _aeng | ||
| 082 | _a658.8 JHA | ||
| 100 | _aJHANGIANI RITA | ||
| 245 | _aLANGUAGE AND CULTURAL GUIDE TO DOING BUS | ||
| 260 |
_c1999 _aMumbai _bShroff Publishers & Distributors Pvt. |
||
| 300 | _aLtd.,1999 | ||
| 365 |
_cRS _b25 |
||
| 999 |
_c19083 _d19083 |
||